00450nam a2200181 a 4500001001300000003000900013005001700022008004100039020001000080082001300090100002000103245001800123260005800141300000900199500003500208505001400243650001100257nice12345678IN_TiNIC20260116011324.0050524s1935 hyda grp 000 0 urd  ac10000a170bSTE aStephen, Leslie aIlmul-Ikhlaq. aHyderabadbDarut Taba Jamia Osmania sarkar aalic1935 a554p aincludes index and biblioraphy2 areference aEthics